October Birthdays: Picture Edition - Statistics

General Stats
  • This quiz has been taken 125 times
    103 since last reset
  • The average score is 17 of 31
Answer Stats
Picture Hint Answer % Correct
2 - Resistance Leader Mahatma Gandhi
87%
26 - First Lady/Secretary of State Hillary Clinton
82%
7 - Russian President Vladimir Putin
81%
20 - Rapper/Pot Smoker Snoop Dogg
78%
8 - Singer/Songwriter Bruno Mars
77%
9 - Singer/Songwriter John Lennon
76%
28 - Billionaire/Philanthropist Bill Gates
73%
31 - Explorer Christopher Columbus
73%
21 - TV Personality Kim Kardashian
73%
13 - U.K. Prime Minister Margaret Thatcher
73%
17 - Rapper Eminem
69%
3 - Singer (No Doubt) Gwen Stefani
63%
12 - Actor/Singer Hugh Jackman
59%
14 - Singer Usher
59%
1 - Actress/Singer Julie Andrews
58%
11 - First Lady Eleanor Roosevelt
56%
29 - Painter/TV Personality Bob Ross
54%
23 - Football Player Pelé
53%
18 - Rock and Roll Singer Chuck Berry
50%
27 - South Pacific Explorer James Cook
46%
16 - Playwright/Poet Oscar Wilde
44%
30 - U.S. President John Adams
42%
24 - YouTuber PewDiePie
40%
5 - Astrophysicist/TV Personality Neil deGrasse Tyson
36%
25 - Painter/Sculptor Pablo Picasso
33%
10 - NFL Quarterback Brett Favre
31%
4 - Actor Charlton Heston
31%
22 - Actor Christopher Lloyd
28%
15 - Author (The Godfather) Mario Puzo
26%
19 - Actor / Director Jon Favreau
24%
6 - Actress Elisabeth Shue
14%
No matching quizzes found
Score Distribution
Percent of People with Each Score
Percentile by Number Answered
Your Score History
You have not taken this quiz since the last reset